[Event "BUL-ch Seniors"]
[Site "Sofia"]
[Date "2012.05.20"]
[Round "3"]
[White "Ribarov, Plamen"]
[Black "Vasilev, Dimitar"]
[Result "1-0"]
[WhiteElo "2068"]
[BlackElo "1853"]
[PlyCount "69"]
[EventDate "2012.05.19"]
[EventType "swiss"]
[EventRounds "9"]
[EventCountry "BUL"]
[SourceTitle "CBM 148 Extra"]
[Source "ChessBase"]
[SourceDate "2012.06.22"]
[SourceVersion "1"]
[SourceVersionDate "2012.06.22"]
[SourceQuality "1"]

1. d4 d5 2. Nf3 Nf6 3. Bg5 e6 4. e3 Be7 5. Bd3 Nbd7 6. 0-0 0-0 7. c3 b6 8. Qe2 Bb7 9. Nbd2 c5 10. Ba6 Qc7 11. Bf4 Bxa6 12. Qxa6 Bd6 13. Bg3 Bxg3 14. hxg3 e5 15. dxe5 Nxe5 16. Nxe5 Qxe5 17. Nf3 Qh5 18. a4 Rfe8 19. Qb7 Rad8 20. Qc7 Rd7 21. Qf4 h6 22. Qh4 Qg6 23. Rfd1 Re4 24. Qh3 Rde7 25. Nh4 Rxh4 26. gxh4 Qc2 27. a5 g6 28. axb6 axb6 29. h5 Ne4 30. Qf3 g5 31. Rxd5 Qxb2 32. Ra8+ Kg7 33. Rdd8 Nf6 34. Rd6 Qxc3 35. Rxf6 1-0

[Event "BUL-chT2"]
[Site "Sunny Beach"]
[Date "2009.06.14"]
[Round "7.5"]
[White "Mladenov, Emil"]
[Black "Vasilev, Dimitar"]
[Result "1-0"]
[WhiteElo "2131"]
[BlackElo "1864"]
[PlyCount "69"]
[EventDate "2009.06.08"]
[EventType "team-swiss"]
[EventRounds "7"]
[EventCountry "BUL"]
[SourceTitle "CBM 130 Extra"]
[Source "ChessBase"]
[SourceDate "2009.07.02"]
[SourceVersion "2"]
[SourceVersionDate "2009.07.15"]
[SourceQuality "1"]

1. e4 e5 2. Nc3 Bc5 3. g3 d6 4. Bg2 Nc6 5. Nge2 Nf6 6. h3 0-0 7. 0-0 Ne7 8. d4 exd4 9. Nxd4 Ng6 10. Kh2 a6 11. f4 c6 12. Be3 Qd7 13. Qd3 Bb4 14. Nd1 Ba5 15. Nf2 c5 16. Nf5 Rd8 17. Rad1 Bc7 18. Qc3 Qe6 19. b4 Qxa2 20. Nxg7 Kxg7 21. g4 Qe6 22. g5 Nh4 23. Bh1 h5 24. bxc5 dxc5 25. gxf6+ Qxf6 26. e5 Qe7 27. Bxc5 Qe8 28. Ne4 Be6 29. Bf2 Ng6 30. Qxc7 Rac8 31. Rxd8 Rxd8 32. Nd6 Qa4 33. Qxd8 Qxf4+ 34. Kg1 Bxh3 35. Qf6+ 1-0

[Event "BUL-chT2"]
[Site "Sunny Beach"]
[Date "2009.06.10"]
[Round "3.5"]
[White "Vasilev, Dimitar"]
[Black "Ivanov, Bogidar"]
[Result "0-1"]
[WhiteElo "1864"]
[BlackElo "2165"]
[PlyCount "36"]
[EventDate "2009.06.08"]
[EventType "team-swiss"]
[EventRounds "7"]
[EventCountry "BUL"]
[SourceTitle "CBM 130 Extra"]
[Source "ChessBase"]
[SourceDate "2009.07.02"]
[SourceVersion "2"]
[SourceVersionDate "2009.07.15"]
[SourceQuality "1"]

1. b4 e5 2. Bb2 Bxb4 3. Bxe5 Nf6 4. Nf3 0-0 5. e3 d5 6. c4 Nbd7 7. Bb2 c6 8. Qb3 Ba5 9. Nc3 Nc5 10. Qc2 Nfe4 11. d3 Nxc3 12. Bxc3 dxc4 13. Bxa5 Qxa5+ 14. Nd2 cxd3 15. Bxd3 Nxd3+ 16. Qxd3 Bf5 17. Qb3 Rad8 18. 0-0-0 Rd3 0-1

[Event "BUL-chT2"]
[Site "Sunny Beach"]
[Date "2009.06.08"]
[Round "1.3"]
[White "Vasilev, Dimitar"]
[Black "Stoynov, Yordan"]
[Result "0-1"]
[WhiteElo "1864"]
[BlackElo "2268"]
[PlyCount "86"]
[EventDate "2009.06.08"]
[EventType "team-swiss"]
[EventRounds "7"]
[EventCountry "BUL"]
[SourceTitle "CBM 130 Extra"]
[Source "ChessBase"]
[SourceDate "2009.07.02"]
[SourceVersion "2"]
[SourceVersionDate "2009.07.15"]
[SourceQuality "1"]

1. d4 g6 2. c4 Bg7 3. Nc3 d6 4. Bf4 Nc6 5. e3 e5 6. dxe5 dxe5 7. Bg3 Nge7 8. Nf3 Bf5 9. e4 Qxd1+ 10. Rxd1 Bg4 11. Nd5 Nxd5 12. Rxd5 Bxf3 13. gxf3 Nd4 14. f4 c6 15. Rd6 exf4 16. Bxf4 Ne6 17. Bc1 Ke7 18. Rd1 Rhd8 19. Bh3 Rxd1+ 20. Kxd1 Rd8+ 21. Ke1 Rd4 22. Bxe6 Kxe6 23. b3 Rxe4+ 24. Be3 Bh6 25. Ke2 Bxe3 26. fxe3 Rh4 27. Kf2 Rh3 28. a3 a5 29. a4 b6 30. Rd1 Rxh2+ 31. Kf3 Rb2 32. Rd3 h5 33. Kf4 f6 34. Rc3 g5+ 35. Kf3 c5 36. Rd3 h4 37. Kg4 Rb1 38. Kh3 f5 39. Rc3 Rd1 40. Kg2 g4 41. Kf2 h3 42. Kg3 Ke5 43. Kh2 Ke4 0-1